<?xml version="1.0" encoding="UTF-8"?>
<collection xmlns="http://www.loc.gov/MARC21/slim">
 <record>
  <leader>00489nam a22001575a 4500</leader>
  <controlfield tag="001">EHU.bham017993</controlfield>
  <controlfield tag="003">AR-BHAM</controlfield>
  <controlfield tag="005">20111025172109.0</controlfield>
  <controlfield tag="008">130507s1778##################000#0#####d</controlfield>
  <datafield tag="082" ind1="8" ind2="6">
   <subfield code="a">866.3</subfield>
  </datafield>
  <datafield tag="100" ind1="1" ind2=" ">
   <subfield code="a">Cascales, Francisco</subfield>
  </datafield>
  <datafield tag="245" ind1="1" ind2="0">
   <subfield code="a">Cartas philologicas /</subfield>
   <subfield code="c">Francisco Cascales</subfield>
  </datafield>
  <datafield tag="260" ind1=" " ind2=" ">
   <subfield code="a">Madrid :</subfield>
   <subfield code="b">Antonio De Sancha,</subfield>
   <subfield code="c">1778</subfield>
  </datafield>
  <datafield tag="300" ind1=" " ind2=" ">
   <subfield code="a">406 p.</subfield>
  </datafield>
  <datafield tag="653" ind1=" " ind2=" ">
   <subfield code="a">Genero epistolar espaÑol-1517-1700</subfield>
  </datafield>
  <datafield tag="859" ind1=" " ind2=" ">
   <subfield code="a">AR-BHAM</subfield>
   <subfield code="b">BIB. HUMANIDADES - Arturo Marasso</subfield>
   <subfield code="h">866.3</subfield>
   <subfield code="i">C266</subfield>
   <subfield code="p">1632.57</subfield>
   <subfield code="t">Ej.1</subfield>
   <subfield code="v">M A</subfield>
  </datafield>
 </record>
</collection>
